| 000 | 02753cam a2200421 a 4500 | ||
|---|---|---|---|
| 001 | 4961173 | ||
| 003 | BJBSDDR | ||
| 005 | 20260417133018.0 | ||
| 007 | ta | ||
| 008 | 970212s2005 txua b s001 0 eng | ||
| 010 | _a 97007732 | ||
| 020 |
_a029275566X _qalk. paper |
||
| 020 |
_a0292755651 _qpbk. : alk. paper |
||
| 020 |
_a9780292755659 _q(pbk. : alk. paper) |
||
| 035 | _a4961173 | ||
| 040 |
_aDLC _cDLC _dDLC _beng |
||
| 041 | _aeng | ||
| 050 | 0 | 0 |
_aPN1998.3.L96 _bN757p 2005 |
| 082 | 0 | 0 |
_a791.43/0233/092 _221 |
| 100 | 1 |
_aNochimson, Martha P. _943586 |
|
| 245 | 1 | 4 |
_aThe passion of David Lynch : _bwild at heart in Hollywood / _cMartha P. Nochimson. |
| 250 | _a1st ed. | ||
| 260 |
_aAustin : _bUniversity of Texas Press, _c2005. |
||
| 300 |
_axiv, 272 pages : _billustrations ; _c23 cm. |
||
| 336 |
_atext _btxt _2rdacontent |
||
| 337 |
_aunmediated _bn _2rdamedia |
||
| 338 |
_avolume _bnc _2rdacarrier |
||
| 504 | _aIncludes bibliographical references (p. 255-260) and index. | ||
| 520 | _aFilmmaker David Lynch asserts that when he is directing, ninety percent of the time he doesn't know what he is doing. To understand Lynch's films, Martha Nochimson believes, requires a similar method of being open to the subconscious, of resisting the logical reductiveness of language. In this innovative book, she draws on these strategies to offer close readings of Lynch's films, informed by unprecedented, in-depth interviews with Lynch himself. Nochimson begins with a look at Lynch's visual influences—Jackson Pollock, Francis Bacon, and Edward Hopper—and his links to Alfred Hitchcock and Orson Welles, then moves into the heart of her study, in-depth analyses of Lynch's films and television productions. These include Twin Peaks: Fire Walk with Me, Wild at Heart, Twin Peaks, Blue Velvet, Dune, The Elephant Man, Eraserhead, The Grandmother, The Alphabet, and Lynch's most recent, Lost Highway. Nochimson's interpretations explode previous misconceptions of Lynch as a deviant filmmaker and misogynist. Instead, she shows how he subverts traditional Hollywood gender roles to offer an optimistic view that love and human connection are really possible. | ||
| 600 | 1 | 0 |
_aLynch, David, _d1946-2025 _xCriticism and interpretation. |
| 856 | 4 | 2 |
_3Publisher description _uhttp://www.loc.gov/catdir/description/texas041/97007732.html |
| 856 | 4 | 1 |
_3Table of contents only _uhttp://www.loc.gov/catdir/enhancements/fy0609/97007732-t.html |
| 906 |
_a7 _bcbc _corignew _d1 _eocip _f19 _gy-gencatlg |
||
| 942 |
_2lcc _n0 _cBK |
||
| 946 | _irmza | ||
| 999 |
_c126839 _d126839 |
||